Essentials of World Regional Geography
Sparad:
| Huvudupphovsman: | |
|---|---|
| Materialtyp: | Bok |
| Språk: | Undetermined |
| Publicerad: |
Australia
Thomson Books
2003
|
| Ämnen: | |
| Taggar: |
Lägg till en tagg
Inga taggar, Lägg till första taggen!
|
| Thư viện lưu trữ: | Trung tâm Học liệu Trường Đại học Cần Thơ |
|---|
| LEADER | 00537nam a2200193Ia 4500 | ||
|---|---|---|---|
| 001 | CTU_83718 | ||
| 008 | 210402s9999 xx 000 0 und d | ||
| 020 | |c 1427000 | ||
| 082 | |a 911 | ||
| 082 | |b S177 | ||
| 100 | |a Christopher L. Salter | ||
| 245 | 0 | |a Essentials of World Regional Geography | |
| 245 | 0 | |c Christopher L. Salter, Joseph J. Hóbb | |
| 260 | |a Australia | ||
| 260 | |b Thomson Books | ||
| 260 | |c 2003 | ||
| 650 | |a historical geography | ||
| 904 | |i Mai Loan | ||
| 980 | |a Trung tâm Học liệu Trường Đại học Cần Thơ | ||